| 000 | 00434nam a2200157Ia 4500 | ||
|---|---|---|---|
| 008 | 210716s1995 xx 000 0 und d | ||
| 020 | _a8170296218 | ||
| 041 | _aeng | ||
| 082 | _a005.7561 CASC | ||
| 100 | _aCasciato, Cesare. | ||
| 245 |
_aPower builder 4.0: developers guide. _bDevelopers guide. |
||
| 250 | _a1 | ||
| 260 |
_aNew Delhi _bBPB Publications _c1995 |
||
| 300 | _axxviii,489 | ||
| 650 | _aRelational Databases(005.756) | ||
| 999 |
_c183371 _d183371 |
||